[Event "German Int ch-Youth"]
[Site "Neuhausen GER"]
[Date "2007.06.09"]
[Round "8"]
[White "Graf,F"]
[Black "Moranda,W"]
[Result "0-1"]
[WhiteElo "2262"]
[BlackElo "2473"]

1.d4 Nf6 2.c4 e6 3.Nf3 c5 4.d5 d6 5.Nc3 exd5 6.cxd5 g6 7.Bf4 a6 8.e4 b5 9.Qe2 Be7
10.Qc2 O-O 11.a4 b4 12.Nd1 Nh5 13.Bh6 Re8 14.Bd3 Bf8 15.Bxf8 Rxf8 16.Ne3 Nf4
17.O-O Qf6 18.e5 dxe5 19.Qxc5 Kg7 20.Be4 a5 21.Rfd1 Nd7 22.Qc7 Qd8 23.Qxd8 Rxd8
24.Bc2 Ba6 25.Rd2 Rac8 26.g3 Nh5 27.Rad1 Nhf6 28.Ng5 Nc5 29.b3 e4 30.Rd4 h6
31.Nh3 Nfd7 32.d6 Bd3 33.Bxd3 exd3 34.Nf4 Nxb3 35.R4xd3 Nbc5 36.Rd4 Nxa4
37.Nfd5 Nc3 38.Nxc3 Rxc3 39.Nd5 Rc5 40.Re1 b3 41.Rb1 Rb8 42.Ne3 b2 43.Nc4 Rb4  0-1

[Event "White Nights"]
[Site "St Petersburg RUS"]
[Date "2007.06.28"]
[Round "4"]
[White "Golovenchits,B"]
[Black "Nugaev,N"]
[Result "1/2-1/2"]
[WhiteElo "2043"]
[BlackElo "1868"]

1.d4 Nf6 2.Nf3 e6 3.c4 c5 4.d5 exd5 5.cxd5 d6 6.Nc3 g6 7.e4 Bg7 8.Bb5+ Nfd7
9.a4 O-O 10.O-O a6 11.Be2 Re8 12.Qc2 Ne5 13.Bf4 Nbd7 14.a5 b5 15.axb6 Qxb6
16.h3 Nxf3+ 17.Bxf3 Ne5 18.Be2 Bd7 19.Ra2 Bb5 20.Rfa1 Bxe2 21.Qxe2 a5 22.Qb5 Qxb5
23.Nxb5 Nd3 24.Bxd6 Rxe4 25.Rxa5 Rxa5 26.Rxa5 Bxb2 27.Ra8+ Kg7 28.g3 c4 29.Kg2 Re2
30.Bf8+ Kf6 31.Ra6+ Ke5 32.d6 Rxf2+ 33.Kg1 Bc1 34.d7 Be3 35.Bd6+ Ke4 36.Nc3+ Kf3  1/2-1/2

[Event "South African Open"]
[Site "Cape Town RSA"]
[Date "2007.07.05"]
[Round "10"]
[White "Van Rensburg,R"]
[Black "Solomon,K"]
[Result "0-1"]
[WhiteElo "1946"]
[BlackElo "2320"]

1.d4 Nf6 2.c4 e6 3.Nc3 c5 4.d5 exd5 5.cxd5 d6 6.Nf3 g6 7.Nd2 Bg7 8.Nc4 O-O
9.Bf4 Ne8 10.Nb5 Bxb2 11.Rb1 Bf6 12.Qd2 Be7 13.a4 g5 14.Bg3 f5 15.e3 Na6
16.h4 g4 17.f3 Nb4 18.fxg4 fxg4 19.e4 a6 20.Nc3 Ng7 21.Qh6 Rf6 22.Qd2 Rf8
23.Qh6 b5 24.axb5 axb5 25.Nxb5 Ra2 26.Be2 Ba6 27.Nba3 Rxa3 28.Nxa3 Qa5  0-1

[Event "Lake Sevan"]
[Site "Martuni ARM"]
[Date "2007.07.08"]
[Round "3"]
[White "Grigoryan,Av"]
[Black "Gopal,G"]
[Result "1-0"]
[WhiteElo "2455"]
[BlackElo "2455"]

1.d4 Nf6 2.c4 c5 3.d5 e6 4.Nc3 exd5 5.cxd5 d6 6.Nf3 g6 7.g3 Bg7 8.Bg2 O-O
9.O-O Re8 10.Nd2 a6 11.a4 Nbd7 12.h3 Rb8 13.Nc4 Ne5 14.Na3 Nh5 15.e4 Rf8
16.Kh2 Bd7 17.a5 b5 18.axb6 Bb5 19.Naxb5 axb5 20.Nxb5 Qxb6 21.Na3 Qa6 22.Re1 c4
23.Bf1 Qb6 24.Kg2 Rfc8 25.Qc2 Qb3 26.Qxb3 Rxb3 27.Re3 Nd3 28.Nxc4 Nxc1 29.Rxc1 Rxe3
30.fxe3 Nf6 31.Bd3 Nd7 32.b4 Ne5 33.Be2 Nxc4 34.Bxc4 Bf6 35.Kf3 Bd8 36.e5 dxe5
37.d6 Kf8 38.Ke4 Bb6 39.Kxe5 Bxe3 40.Rc2 Rb8 41.b5 Ke8 42.Bd5 Bg5 43.Bc6+ Kf8
44.Kd5 h5 45.Re2 h4 46.g4 Bf6 47.Re8+ Rxe8 48.Bxe8 Bd8 49.Bd7 Bb6 50.Kc6 Ba7
51.Kc7  1-0

[Event "Ikaros Festival"]
[Site "Agios Kirykos GRE"]
[Date "2007.07.11"]
[Round "5"]
[White "Kafetzopoulos,A"]
[Black "Lazaridis,S"]
[Result "1/2-1/2"]
[WhiteElo "1902"]
[BlackElo "2187"]

1.d4 Nf6 2.c4 c5 3.d5 e6 4.Nc3 exd5 5.cxd5 d6 6.Nf3 g6 7.Nd2 Nbd7 8.e4 a6
9.a4 Bg7 10.Nc4 Nb6 11.Ne3 Bd7 12.Bd3 O-O 13.O-O Re8 14.a5 Nc8 15.f4 b5 16.axb6 Nxb6
17.Qf3 Bb5 18.Nxb5 axb5 19.Rxa8 Nxa8 20.Bd2 c4 21.Bc2 Qe7 22.Re1 Nxe4 23.Bxe4 Bxb2
24.Bc2 Qa7 25.Kf2 Bd4 26.Kf1 Qa2 27.Qd1 b4 28.Bb1 Qa6 29.Bc1 Bc3 30.Bd2 Bd4
31.Bc1 Bc5 32.Ng4 c3+ 33.Qd3 Rxe1+ 34.Kxe1 Qxd3 35.Bxd3 Nb6 36.Nf6+ Kf8 37.Ne4 Bd4
38.Nxd6 Nxd5 39.Bc4 Ne3 40.Bb3 Nxg2+ 41.Ke2 f5 42.Bd5 Nh4 43.Kd3 Bc5 44.Nb5 Kg7
45.Kc4 Bf8 46.Nd4 Kh6 47.Nc6 Kh5 48.h3 h6 49.Nxb4  1/2-1/2

[Event "Kaupthing Open"]
[Site "Differdange LUX"]
[Date "2007.07.14"]
[Round "9"]
[White "Koneru,H"]
[Black "Siebrecht,S"]
[Result "1-0"]
[WhiteElo "2572"]
[BlackElo "2431"]

1.d4 Nf6 2.c4 e6 3.Nf3 c5 4.d5 exd5 5.cxd5 d6 6.Nc3 g6 7.Nd2 Bg7 8.e4 O-O
9.Be2 Re8 10.O-O Na6 11.Kh1 Nc7 12.a4 b6 13.f3 Nd7 14.Nc4 Ne5 15.Ne3 f5 16.f4 Nf7
17.exf5 gxf5 18.Bd3 Qf6 19.Qc2 Nh6 20.Bd2 Bd7 21.Rf3 Re7 22.Rg3 Rae8 23.Nb5 Nxb5
24.axb5 Ng4 25.Nxg4 fxg4 26.Bxh7+ Kh8 27.Bg6 Rf8 28.Bd3 Qd4 29.Rf1 Qxd5 30.f5 Ref7
31.Rxg4 Bxf5 32.Rh4+ Kg8 33.Bc4 Be4 34.Bxd5  1-0

[Event "22nd North Sea Cup"]
[Site "Esbjerg DEN"]
[Date "2007.07.14"]
[Round "2"]
[White "Ivanov,MM"]
[Black "Carlstedt,J"]
[Result "1-0"]
[WhiteElo "2455"]
[BlackElo "2083"]

1.d4 Nf6 2.Nf3 c5 3.d5 e6 4.c4 exd5 5.cxd5 d6 6.Nc3 g6 7.Bg5 Bg7 8.e3 a6
9.Nd2 h6 10.Bh4 O-O 11.a4 Nbd7 12.Be2 Re8 13.O-O g5 14.Bg3 Ne5 15.h3 Bf5
16.a5 Qc7 17.Ra4 Bd7 18.Ra3 Rad8 19.f4 Ng6 20.fxg5 hxg5 21.Nc4 Bc8 22.Bd3 g4
23.Bxg6 fxg6 24.Bh4 Rf8 25.Bxf6 Rxf6 26.Rxf6 Bxf6 27.Ne4 Qg7 28.hxg4 Bxb2
29.Rb3 Be5 30.g5 Bf5 31.Nxe5 Bxe4 32.Ng4 c4 33.Nf6+ Kf8 34.Rb2 Bd3 35.Rf2 Ke7
36.Qg4 Qf7 37.Qd4 Rc8 38.Ne4 Qg8 39.Qf6+ Ke8 40.Nxd6+  1-0

[Event "Ikaros Festival"]
[Site "Agios Kirykos GRE"]
[Date "2007.07.15"]
[Round "9"]
[White "Xylogiannopoulos,A"]
[Black "Lazaridis,S"]
[Result "0-1"]
[WhiteElo "1930"]
[BlackElo "2187"]

1.d4 Nf6 2.c4 c5 3.d5 e6 4.Nc3 exd5 5.cxd5 d6 6.Nf3 g6 7.e4 Bg7 8.Bf4 O-O
9.Bd3 a6 10.a4 Bg4 11.O-O Qe7 12.h3 Bxf3 13.Qxf3 Nh5 14.Bh2 Nd7 15.Rfe1 Ne5
16.Qe2 Qh4 17.Nd1 Nf4 18.Bxf4 Qxf4 19.Ne3 Rfe8 20.Nc4 Nxc4 21.Bxc4 Bd4 22.Rab1 Re7
23.Qf3 Qe5 24.Re2 Rb8 25.b4 cxb4 26.Rxb4 Rc8 27.Qd3 Rec7 28.Rc2 f5 29.exf5 Qe1+
30.Kh2 Be5+  0-1

[Event "Heart of Finland"]
[Site "Jyvaskyla FIN"]
[Date "2007.07.19"]
[Round "8"]
[White "Malakhatko,V"]
[Black "Niemi,K"]
[Result "1-0"]
[WhiteElo "2596"]
[BlackElo "2264"]

1.d4 Nf6 2.c4 c5 3.d5 e6 4.Nc3 exd5 5.cxd5 d6 6.Nf3 g6 7.Nd2 Nbd7 8.e4 Bg7
9.Be2 O-O 10.O-O Re8 11.Kh1 Ne5 12.f3 g5 13.Re1 Nh5 14.Nf1 Qf6 15.Ne3 Nf4
16.Bf1 Qg6 17.Qc2 Qh5 18.Nb5 Rd8 19.a4 a6 20.Na3 b5 21.axb5 axb5 22.Bxb5 f5
23.Rf1 fxe4 24.Qxe4 Rf8 25.Bd2 Rf6 26.g4 Qh3 27.Rf2 Rh6 28.Rg1 Rb8 29.Bf1 Qh4
30.Be1 Nh3 31.Bxh3 Qxh3 32.Nf5 Bxf5 33.gxf5 Rh4 34.f4 Ng4 35.Rxg4 Qxg4 36.Qe6+ Kh8
37.f6 Bf8 38.Bc3 Qd1+ 39.Kg2 Rg4+ 40.Kh3 Rh4+ 41.Kg3 Qh5 42.Qf5 Qf7 43.fxg5 Rh5
44.Re2 Rb3 45.h4 h6 46.Kg4 hxg5 47.hxg5 Rh1 48.g6 Rg1+ 49.Kh5 Rh1+ 50.Kg4 Rg1+
51.Kf3 Rxg6 52.Rh2+ Kg8 53.Rg2 Rxg2 54.Kxg2 Rb8 55.Nc4 Kh8 56.Kf3 Rd8 57.Ne3 Kg8
58.Ng2 Bh6 59.Nh4 Re8 60.Qg4+ Kh7 61.Qf5+ Kg8 62.Ng6 Re3+ 63.Kf2 Re8 64.Kf3 Re3+
65.Kg4 Re2 66.Ne7+ Kh8 67.Qf3 Re3 68.Qf5 Re2 69.Ng6+ Kg8 70.Ne7+ Kh8 71.Qc8+ Kh7
72.Kg3 Re3+ 73.Kg2 Re2+ 74.Kg1 Be3+ 75.Kf1 Rf2+ 76.Ke1 Qh5 77.Qg8+ Kh6 78.Qg7+  1-0

[Event "11th Festival Open A"]
[Site "Senta SRB"]
[Date "2007.07.27"]
[Round "9"]
[White "Damjanovic,D"]
[Black "Mikanovic,S"]
[Result "1/2-1/2"]
[WhiteElo "2285"]
[BlackElo "2138"]

1.d4 Nf6 2.c4 c5 3.d5 e6 4.Nc3 exd5 5.cxd5 d6 6.Nf3 g6 7.h3 Bg7 8.e4 O-O
9.Bd3 b5 10.Bxb5 Nxe4 11.Nxe4 Qa5+ 12.Nfd2 Qxb5 13.Nxd6 Qa6 14.N2c4 Nd7 15.O-O Ne5
16.Nxe5 Bxe5 17.Nxc8 Raxc8 18.Qc2 Rfd8 19.Rd1 Bd4 20.Be3 Rxd5 21.Bxd4 Rxd4
22.b3 Rcd8 23.Re1 c4 24.Qc3 cxb3 25.axb3 Qb7 26.Re3 Rd1+ 27.Rxd1 Rxd1+ 28.Kh2 Rd8
29.Qf6 Qb6 30.Qe7 Qd6+ 31.g3 Qxe7 32.Rxe7 Rb8 33.Rxa7 Rxb3 34.h4 h5  1/2-1/2

[Event "IMA"]
[Site "Dimitrov RUS"]
[Date "2007.07.29"]
[Round "15"]
[White "Savina,A"]
[Black "Vasilkova,S"]
[Result "1/2-1/2"]
[WhiteElo "2209"]
[BlackElo "2331"]

1.d4 Nf6 2.c4 e6 3.Nf3 c5 4.d5 exd5 5.cxd5 d6 6.Nc3 g6 7.e4 Bg7 8.Bd3 O-O
9.O-O Bg4 10.h3 Bxf3 11.Qxf3 a6 12.a4 Nbd7 13.Qe2 Re8 14.a5 Qc7  1/2-1/2

[Event "Agentura 64 Cup IMB"]
[Site "Olomouc CZE"]
[Date "2007.08.01"]
[Round "1"]
[White "Chetverik,M"]
[Black "Kulovana,E"]
[Result "0-1"]
[WhiteElo "2347"]
[BlackElo "2276"]

1.d4 Nf6 2.c4 e6 3.Nf3 c5 4.d5 exd5 5.cxd5 d6 6.Nc3 g6 7.Bg5 h6 8.Bh4 g5
9.Bg3 Nh5 10.e3 Nxg3 11.hxg3 Bg7 12.Bd3 O-O 13.Qc2 Na6 14.a3 Nc7 15.Bh7+ Kh8
16.Bf5 Qf6 17.g4 Re8 18.O-O-O b5 19.Ne4 Rxe4 20.Bxe4 Bxg4 21.Rd2 Re8 22.Nh2 Bd7
23.Nf1 b4 24.axb4 Na6 25.Ng3 cxb4 26.Bf5 Rc8 27.Qxc8+ Bxc8 28.Bxc8 Nc5 29.Kb1 Qd8
30.Bf5 Qa5 31.Rc1 b3 32.Rxc5 Qxc5 33.Nh5 Be5 34.g4 Qb4 35.Rd1 Qa5 36.Kc1 Qa1+
37.Kd2 Qxb2+ 38.Ke1 Qc3+ 39.Ke2 a5 40.f4 gxf4 41.exf4 Bd4 42.Rd3 Qc4 43.Kf3 a4
44.g5 a3  0-1

[Event "Open"]
[Site "Olomouc CZE"]
[Date "2007.08.03"]
[Round "2"]
[White "Ilandzis,S"]
[Black "Trunda,O"]
[Result "1-0"]
[WhiteElo "2174"]
[BlackElo "1928"]

1.d4 Nf6 2.c4 c5 3.d5 e6 4.Nc3 exd5 5.cxd5 d6 6.Nf3 g6 7.Bg5 Bg7 8.e4 h6
9.Bh4 O-O 10.Be2 g5 11.Bg3 Nh5 12.O-O Nxg3 13.hxg3 Na6 14.Nd2 Nc7 15.a4 b6
16.Nc4 Ba6 17.Ne3 Re8 18.Bxa6 Nxa6 19.Qh5 Qf6 20.Nf5 Bf8 21.a5 b5 22.f3 Rab8
23.Kf2 b4 24.Nd1 c4 25.Nde3 Qxb2+ 26.Kg1 Qf6 27.Nxc4 Rec8 28.Nce3 b3 29.Ng4 Qg6
30.Ngxh6+ Kh7 31.Qh3 Bxh6 32.Ne7 g4 33.fxg4 Qg7 34.Nxc8 Rxc8 35.g5 Rc7 36.gxh6 Qe5  1-0

[Event "GM"]
[Site "Dubna RUS"]
[Date "2007.08.04"]
[Round "3"]
[White "Papin,V"]
[Black "Andreev,Ed UKR"]
[Result "0-1"]
[WhiteElo "2415"]
[BlackElo "2435"]

1.d4 Nf6 2.c4 e6 3.Nf3 c5 4.d5 exd5 5.cxd5 d6 6.Nc3 g6 7.h3 a6 8.a4 Bg7 9.e4 O-O
10.Bd3 Nbd7 11.O-O Qc7 12.Bf4 Nh5 13.Bh2 b6 14.Re1 Bb7 15.Be2 Nhf6 16.Nd2 Ne8
17.Kh1 Bd4 18.Bg3 Nef6 19.f4 Rfe8 20.Bf3 c4 21.Qc2 Qc5 22.Ne2 b5 23.Rf1 Be3
24.Rad1 Rac8 25.Bh4 b4 26.b3 Bxd2 27.Rxd2 cxb3 28.Qb1 Nxe4 29.Bxe4 Qe3 30.Rd4 Qxe2
31.Rxb4 Nc5 32.Bf3 Qd2 33.Rb6 Ba8 34.f5 Qc2 35.Qa1 Ne4 36.fxg6 hxg6 37.Bxe4 Qxe4
38.Bf6 Bxd5 39.Rg1 Qf5 40.Kh2 Qf4+ 41.Kh1 Qg3  0-1

[Event "Scandinavian Chess Tournament"]
[Site "Taby SWE"]
[Date "2007.08.05"]
[Round "2"]
[White "Heinola,V"]
[Black "Wedberg,T"]
[Result "0-1"]
[WhiteElo "2217"]
[BlackElo "2507"]

1.d4 Nf6 2.c4 e6 3.Nf3 c5 4.d5 d6 5.Nc3 exd5 6.cxd5 g6 7.e4 a6 8.h3 b5 9.Bd3 Bg7
10.O-O O-O 11.Re1 Nbd7 12.Bf4 Qb6 13.a3 Bb7 14.Qd2 c4 15.Bc2 Rfe8 16.Be3 Qd8
17.Nd4 Nc5 18.f3 Rc8 19.Rad1 Nfd7 20.f4 Qa5 21.Bf2 b4 22.axb4 Qxb4 23.Bb1 Nd3
24.Bxd3 cxd3 25.e5 dxe5 26.Nc6 Bxc6 27.dxc6 Nc5 28.fxe5 Qc4 29.e6 Nxe6 30.Qxd3 Qxc6
31.Nd5 Bxb2 32.Qb3 Bg7 33.Qa3 Qb7 34.Qf3 Kh8 35.Rb1 Qc6 36.Red1 Ng5 37.Qa3 Ne4
38.Rbc1 Qe6 39.Rxc8 Qxc8 40.Rc1 Qf5  0-1

[Event "Tsiolkovsky Mem"]
[Site "Kaluga RUS"]
[Date "2007.08.06"]
[Round "4"]
[White "Gorshkov,Yury"]
[Black "Kovalenko,I"]
[Result "0-1"]
[WhiteElo "2244"]
[BlackElo "2413"]

1.d4 Nf6 2.c4 e6 3.Nf3 c5 4.d5 exd5 5.cxd5 d6 6.Nc3 a6 7.a4 g6 8.Nd2 Bg7
9.e4 O-O 10.Be2 Re8 11.O-O Nbd7 12.h3 g5 13.Bg4 Nxg4 14.Qxg4 Ne5 15.Qg3 h6
16.f4 gxf4 17.Qxf4 Rf8 18.Qg3 Kh7 19.Nf3 Ng6 20.Bf4 f5 21.e5 Qb6 22.a5 Qb4
23.Ra4 Qxb2 24.Bc1 Qc2 25.Ra2 Qb3 26.Ra3 Qb4 27.Ra4 f4 28.Qe1 Qb3 29.Ra3 Qc2
30.exd6 Bf5 31.Rf2 Qd3 32.Na4 Qb5 33.Nb6 Rad8 34.Qd2 Rxd6 35.Bb2 Rg8 36.Bxg7 Rxg7
37.Qc1 Be4 38.Rb2 Qe8 39.Qc4 Bxf3 40.Rxf3 Nh4  0-1

[Event "Petrovskaya Ladya IM1"]
[Site "Peterhof RUS"]
[Date "2007.08.06"]
[Round "1"]
[White "Bets,A"]
[Black "Eliseev,Alexe"]
[Result "1-0"]
[WhiteElo "2348"]
[BlackElo "2421"]

1.d4 Nf6 2.c4 e6 3.Nf3 c5 4.d5 exd5 5.cxd5 d6 6.Nc3 a6 7.a4 g6 8.Nd2 Bg7
9.e4 O-O 10.Be2 b6 11.O-O Nbd7 12.Nc4 Qe7 13.Bg5 h6 14.Bh4 Bb7 15.Bg3 Ne8
16.Re1 h5 17.h3 Rb8 18.Bf1 h4 19.Bf4 Bc8 20.Qd2 Ne5 21.Nxe5 Bxe5 22.Bxe5 dxe5
23.d6 Qxd6 24.Qh6 Nc7 25.Qxh4 Ne6 26.Qf6 Rd8 27.Bc4 Rd7 28.Rad1 Nd4 29.Bxf7+ Kf8
30.Be6+ Ke8 31.Qh8+  1-0

[Event "Scandinavian Chess Tournament"]
[Site "Taby SWE"]
[Date "2007.08.07"]
[Round "6"]
[White "Kockum,A"]
[Black "Wedberg,T"]
[Result "0-1"]
[WhiteElo "2200"]
[BlackElo "2507"]

1.d4 Nf6 2.Nf3 e6 3.c4 c5 4.d5 d6 5.Nc3 exd5 6.cxd5 g6 7.e4 a6 8.a4 Bg4 9.Be2 Bxf3
10.Bxf3 Bg7 11.Bf4 O-O 12.O-O Qe7 13.Re1 Nbd7 14.Qc2 Rfe8 15.Rad1 Rab8 16.a5 h5
17.Bg5 Qd8 18.Ra1 Qc7 19.Be2 c4 20.Ra4 Ne5 21.Be3 Nfd7 22.f4 Ng4 23.Bxg4 hxg4
24.Bf2 Rbc8 25.Qd1 Nf6 26.Bb6 Qd7 27.Bd4 Re7 28.e5 dxe5 29.Bxe5 Qd8 30.Ra1 b5
31.d6 Re6 32.Nd5 Nxd5 33.Qxd5 Qd7 34.Bxg7 Kxg7 35.Qd4+ Rf6 36.Rad1 Rc6 37.f5 Rxd6
38.Qxg4 Rxf5 39.Rxd6 Qxd6 40.h3 Qd2 41.Re2 Qd1+ 42.Kh2 Rf1 43.Qe4 Rh1+ 44.Kg3 Qd6+
45.Kf2 Rd1 46.h4 Rd4 47.Qe3 Rd3 48.Qg5 Qd4+  0-1

[Event "IM"]
[Site "Dubna RUS"]
[Date "2007.08.08"]
[Round "11"]
[White "Savina,A"]
[Black "Truskavetsky,A"]
[Result "1/2-1/2"]
[WhiteElo "2209"]
[BlackElo "2392"]

1.d4 Nf6 2.c4 e6 3.Nf3 c5 4.d5 exd5 5.cxd5 d6 6.Nc3 g6 7.h3 Bg7 8.e4 O-O
9.Bd3 a6 10.a4 Nbd7 11.O-O Qe7 12.Bf4 Nh5 13.Bh2 Bh6 14.Ne2 Bg7  1/2-1/2

[Event "Open"]
[Site "Kavala GRE"]
[Date "2007.08.09"]
[Round "6"]
[White "Svetushkin,D"]
[Black "Stiri,A"]
[Result "1-0"]
[WhiteElo "2618"]
[BlackElo "2251"]

1.d4 Nf6 2.c4 e6 3.Nf3 c5 4.d5 exd5 5.cxd5 d6 6.Nc3 g6 7.e4 a6 8.h3 b5 9.a3 Bg7
10.Bd3 O-O 11.O-O Nbd7 12.Bf4 c4 13.Bc2 Nc5 14.Qd2 Re8 15.Rfe1 Bb7 16.Rad1 Qb6
17.Be3 Rad8 18.Bd4 Qc7 19.Nh2 Nfd7 20.Bxg7 Kxg7 21.f4 Re7 22.Qd4+ f6 23.Nf3 Rde8
24.Qf2 Qb6 25.Nd4 a5 26.f5 Ne5 27.Ne6+ Kg8 28.Nxc5 dxc5 29.Ne2 Nd3 30.Bxd3 cxd3
31.Ng3 Qd6 32.Rxd3 c4 33.Rd4 Re5 34.Rf1 g5 35.a4 Qb4 36.axb5 Qxb5 37.Rc1 Rc8
38.Nf1 Ba6 39.Ne3 Re7 40.Rdxc4 Rxc4 41.Rxc4 Qb3 42.Rc6 Rxe4 43.Ng4 Qd1+ 44.Kh2 Re1
45.Nxf6+  1-0

[Event "Open"]
[Site "Dubna RUS"]
[Date "2007.08.10"]
[Round "12"]
[White "Konovalov,N"]
[Black "Veliev,G"]
[Result "1/2-1/2"]
[WhiteElo "2431"]
[BlackElo "2241"]

1.d4 Nf6 2.c4 e6 3.Nc3 c5 4.d5 exd5 5.cxd5 d6 6.Nf3 g6 7.g3 Bg7 8.Bg2 O-O
9.O-O a6 10.a4 Nbd7 11.h3 Rb8 12.a5 Re8 13.Nd2 b5 14.axb6 Nxb6 15.e4 c4 16.Qc2 Nfd7
17.Nf3 Nc5 18.Be3 Nb3 19.Rad1 Bd7 20.Nd4 Nxd4 21.Bxd4 Bxd4 22.Rxd4 Qf6 23.Rd2 Bb5
24.f4 Nd7 25.Kh2 Nc5 26.Re2 Qd4 27.Rd1 Nd3 28.Red2 f5 29.exf5 gxf5 30.Bf1 Re3
31.Nxb5 Rxb5 32.Bxd3 cxd3 33.Qc8+ Kg7 34.Qd7+ Kg8  1/2-1/2

[Event "Petrovskaya Ladya IM1"]
[Site "Peterhof RUS"]
[Date "2007.08.10"]
[Round "8"]
[White "Bets,A"]
[Black "Rozum,I"]
[Result "1/2-1/2"]
[WhiteElo "2348"]
[BlackElo "2354"]

1.d4 Nf6 2.c4 c5 3.d5 e6 4.Nc3 exd5 5.cxd5 d6 6.Nf3 g6 7.e4 a6 8.a4 Bg4 9.Be2 Bxf3
10.Bxf3 Bg7 11.O-O O-O 12.Bf4 Qe7 13.Re1 Nbd7 14.a5 Ne8 15.Na4 Nc7 16.Bg4 Ne5
17.Be2 Nb5 18.Nb6 Rad8 19.Bf1 Nd4 20.Rb1 Nd7 21.Nc4 Ne5 22.Nb6 Nd7 23.Nc4 Ne5
24.Nb6 Nd7  1/2-1/2

[Event "ch-AUT"]
[Site "Tweng AUT"]
[Date "2007.08.10"]
[Round "7"]
[White "Ganaus,H"]
[Black "Froewis,G"]
[Result "1-0"]
[WhiteElo "2303"]
[BlackElo "2208"]

1.c4 e6 2.d4 Nf6 3.Nf3 c5 4.d5 exd5 5.cxd5 d6 6.Nc3 g6 7.Bg5 Bg7 8.Nd2 O-O
9.e3 Na6 10.Nc4 Nc7 11.a4 b6 12.Be2 Qe7 13.O-O Rb8 14.e4 h6 15.Bh4 Qd7 16.e5 Nfe8
17.Bg3 f5 18.f4 Ba6 19.Re1 Rd8 20.Bh4 Rb8 21.e6 Qc8 22.Be7 Bxc4 23.Bxc4 Bf6
24.Bxf8 Kxf8 25.g4 Ng7 26.Qc2 Ke7 27.Nb5 a5 28.Na7  1-0

[Event "Open"]
[Site "Callao PER"]
[Date "2007.08.11"]
[Round "5"]
[White "Cabrera Huaman,A"]
[Black "Moreno,W"]
[Result "1/2-1/2"]
[WhiteElo "2268"]
[BlackElo "2194"]

1.d4 Nf6 2.Nf3 c5 3.d5 d6 4.c4 e6 5.Nc3 exd5 6.cxd5 g6 7.g3 Bg7 8.Bg2 O-O
9.O-O Na6 10.Nd2 Rb8 11.a4 Nc7 12.e4 a6 13.a5 Nb5 14.Nc4 Nh5 15.g4 Nf6 16.h3 Ne8
17.f4 Nxc3 18.bxc3 Bxc3 19.Ra3 Bd4+ 20.Be3 Bxe3+ 21.Rxe3 Bd7 22.Rfe1 Bb5
23.Nb6 f6 24.e5 fxe5 25.fxe5 dxe5 26.Rxe5 Nd6 27.Qc1 Nf7 28.Re7 Qd6 29.R1e6 Qg3
30.Re3 Qd6 31.R3e6 Qg3 32.Re3 Qd6 33.Qc3 Rbe8 34.R7e6 Qf4 35.R3e4 Qc7 36.Qe1 Qd8
37.h4 Nd6 38.Re3 Nc8 39.Nxc8 Qxc8 40.d6 Rxe6 41.Bd5 Kh8 42.Bxe6 Qd8 43.Qc3+ Qf6
44.g5 Qd4 45.Qxd4+ cxd4 46.Re4 Re8 47.Bd5 Rd8 48.Rf4 d3 49.Bb3 h6 50.Rd4 hxg5
51.hxg5 Kg7 52.Kf2 Kf8 53.Ke3 Ke8 54.Be6 Bd7 55.Bd5 Bb5 56.Kd2 Kd7 57.Bf7 Rh8
58.Bxg6 Rh2+ 59.Kc3 Rc2+ 60.Kb3 Rc5 61.Kb4 Rxg5 62.Bxd3 Bxd3 63.Rxd3 Rb5+
64.Ka4 Rb1 65.Rd2 Rb5 66.Rd3 Rb1 67.Rd2 Rc1 68.Rd4 Rb1 69.Rd3 Rb5  1/2-1/2

[Event "Open"]
[Site "Callao PER"]
[Date "2007.08.11"]
[Round "5"]
[White "Contreras,J"]
[Black "Fernandez,Dan USA"]
[Result "1/2-1/2"]
[WhiteElo "2201"]
[BlackElo "2447"]

1.d4 Nf6 2.c4 e6 3.Nf3 c5 4.d5 exd5 5.cxd5 d6 6.Nc3 g6 7.e4 Bg4 8.Bf4 a6
9.a4 Qe7 10.Bd3 Nbd7 11.O-O Bg7 12.Re1 O-O 13.h3 Bxf3 14.Qxf3 Nh5 15.Be3 Ne5
16.Qd1 Qh4 17.Bf1 f5 18.g3 Nxg3 19.fxg3 Qxg3+ 20.Bg2 fxe4 21.Nxe4 Nf3+ 22.Qxf3 Qxf3
23.Bxf3 Rxf3 24.Kg2 Rf5 25.Rad1 Rd8 26.b3 b5 27.axb5 axb5 28.Bg5 Ra8 29.Re2 Be5
30.Rf1 c4 31.bxc4 bxc4 32.Rxf5 gxf5 33.Ng3 Kf7 34.Rf2 Kg6 35.Bf4 Kf6 36.Bxe5+ Kxe5
37.Rxf5+ Kd4 38.Ne2+ Ke3 39.Nc3 Rg8+ 40.Kh2 Rb8 41.Kg2 Rb3 42.Rf3+ Kd4 43.Ne2+ Kxd5
44.Kf2 Ke5 45.Re3+ Kd5 46.Rxb3 cxb3 47.Ke3 b2 48.Nc3+ Ke5 49.Nb1 d5 50.Nd2 h6
51.Nb1 Kf5  1/2-1/2

[Event "Open"]
[Site "Callao PER"]
[Date "2007.08.13"]
[Round "8"]
[White "Salas,Cr"]
[Black "Moreno,W"]
[Result "1/2-1/2"]
[WhiteElo "2412"]
[BlackElo "2194"]

1.d4 Nf6 2.c4 c5 3.d5 e6 4.Nc3 exd5 5.cxd5 d6 6.Nf3 g6 7.h3 Bg7 8.e4 O-O
9.Bd3 b5 10.Nxb5 Re8 11.O-O Nxe4 12.Bxe4 Rxe4 13.Re1 Rxe1+ 14.Qxe1 Nd7 15.Bf4 Nf6
16.Nxd6 Nxd5 17.Be5 Be6  1/2-1/2

[Event "RC Sport Open"]
[Site "Ceska Trebova CZE"]
[Date "2007.08.14"]
[Round "6"]
[White "Spirin,O"]
[Black "Vymazal,B"]
[Result "1/2-1/2"]
[WhiteElo "2356"]
[BlackElo "2273"]

1.d4 Nf6 2.c4 e6 3.Nc3 c5 4.d5 exd5 5.cxd5 d6 6.Nf3 g6 7.g3 Bg7 8.Bg2 O-O
9.O-O a6 10.a4 Nbd7 11.Bf4 Qe7 12.h3 Nh5 13.Bg5 f6 14.Bd2 f5 15.Qc1 Ne5 16.Ng5 Nf6
17.Rb1 Rb8 18.b4 c4 19.b5 Bd7 20.a5 Nf7 21.Nxf7 Qxf7 22.Bf4 Rfd8 23.Bxd6 Rbc8
24.bxa6 bxa6 25.Be5 Re8 26.Bd4 Ne4 27.Nxe4 Bxd4 28.Nd6 Qf6 29.Nxc8 Rxc8 30.Rb7 Qd6
31.Rd1 Bg7 32.Qe3 c3 33.Rc1 Re8 34.Qa7 Re7 35.Qb6 Qa3 36.Qd8+ Bf8 37.Rf1 c2
38.d6 Qxd6 39.Qb6 Qd2 40.Rc7 Bb5 41.Rxe7 Bxe7 42.Qe6+ Kf8 43.Bd5 Ke8 44.Qc8+ Bd8
45.Qe6+ Be7 46.Qc8+ Bd8 47.Bc6+ Bxc6 48.Qxc6+ Kf7 49.Qc4+ Kg7 50.Qf4 Bg5
51.Qc7+ Kh6 52.e3 Bf6 53.Qf4+ Kg7 54.Qc7+ Kh6 55.Qf4+ Kg7 56.Qc7+ Kh6  1/2-1/2

[Event "TCh-ESP CECLUB Norte Div 1"]
[Site "Sabadell ESP"]
[Date "2007.08.15"]
[Round "1"]
[White "Patino Romaris,J"]
[Black "Almeida Quintana,O"]
[Result "0-1"]
[WhiteElo "2248"]
[BlackElo "2501"]

1.d4 Nf6 2.c4 c5 3.d5 e6 4.Nc3 exd5 5.cxd5 d6 6.Nf3 a6 7.a4 g6 8.Nd2 Nbd7
9.Nc4 Nb6 10.Na3 Bd7 11.e4 Bg7 12.Bd3 O-O 13.O-O Qc7 14.h3 Rfe8 15.Re1 Rab8
16.Bf1 Nxa4 17.Nxa4 b5 18.Nc3 b4 19.Nab1 bxc3 20.Nxc3 Bb5 21.Bd3 Nd7 22.f4 Bxd3
23.Qxd3 c4 24.Qf1 a5 25.Kh1 Nc5 26.Qxc4 Rb4 27.Qa2 Bxc3 28.bxc3 Rbxe4 29.Rxe4 Rxe4
30.Qc2 Re1+ 31.Kh2 a4 32.Rb1 Nb3 33.Ba3 Re3 34.c4 Qe7 35.Qf2 Re4 36.Qg3 Rxc4
37.f5 Qe5 38.fxg6 Qxg3+ 39.Kxg3 hxg6 40.Re1 Nd4 41.Re8+ Kg7 42.Kh2 Nf5 43.Bb2+ f6
44.Ra8 g5 45.Ra6 Rc2 46.Ba3 Ne3 47.Bxd6 Rxg2+ 48.Kh1 Ra2 49.Be7 Nxd5 50.Bd8 Kf7
51.Rd6 Rd2 52.Bxf6 a3 53.Be5 a2 54.Ra6 Re2 55.Bd4 Nf4 56.h4 Ne6  0-1

[Event "Petrovskaya Ladya IM2"]
[Site "Peterhof RUS"]
[Date "2007.08.16"]
[Round "5"]
[White "Serov,M"]
[Black "Kaliberda,V"]
[Result "1/2-1/2"]
[WhiteElo "2265"]
[BlackElo "2337"]

1.d4 Nf6 2.c4 e6 3.Nc3 c5 4.d5 exd5 5.cxd5 d6 6.Nf3 g6 7.h3 a6 8.a4 Qe7 9.Bf4 Nbd7
10.e3 Bg7 11.Be2 O-O 12.O-O b6 13.Nd2 Ne8 14.Qc2 f5 15.Bh2 Rb8 16.Nc4 Ne5
17.b3 g5 18.Bxe5 Bxe5 19.Nxe5 dxe5 20.Rfe1 g4 21.h4 g3 22.Bd3 gxf2+ 23.Qxf2  1/2-1/2

[Event "Open A"]
[Site "Polanica Zdroj POL"]
[Date "2007.08.17"]
[Round "1"]
[White "Fistek,D"]
[Black "Brzeski,M"]
[Result "1-0"]
[WhiteElo "2167"]
[BlackElo "2356"]

1.d4 Nf6 2.c4 c5 3.d5 e6 4.Nc3 exd5 5.cxd5 d6 6.Nf3 g6 7.g3 Bg7 8.Bg2 O-O
9.O-O Na6 10.Nd2 Nc7 11.a4 a6 12.Nc4 Rb8 13.Bf4 Nce8 14.e4 Nh5 15.Be3 b5
16.axb5 axb5 17.Na5 Bd7 18.Nc6 Bxc6 19.dxc6 Nc7 20.g4 Nf6 21.e5 dxe5 22.Bxc5 Qxd1
23.Rfxd1 Rfc8 24.Ra7 b4 25.Na4 Bf8 26.Bb6 Nb5 27.c7 Rxb6 28.Nxb6 Rxc7 29.Rxc7 Nxc7
30.h3 Bc5 31.Nd7 Nxd7 32.Rxd7 Bb6 33.Bf1 Ne6 34.Bc4 Nd8 35.Re7 Kf8 36.Rxe5 Bd4
37.Rd5 Ne6 38.b3 Ke7 39.Rb5 Bc3 40.Bxe6 Kxe6  1-0

[Event "Independence Cup A"]
[Site "Kyiv UKR"]
[Date "2007.08.18"]
[Round "6"]
[White "Manilyk,A"]
[Black "Matorin,E"]
[Result "0-1"]
[WhiteElo "2133"]
[BlackElo "2259"]

1.d4 Nf6 2.c4 e6 3.Nf3 c5 4.d5 exd5 5.cxd5 d6 6.Nc3 Be7 7.Nd2 O-O 8.e4 Re8
9.Be2 Bf8 10.O-O b6 11.a4 a6 12.Qc2 Nbd7 13.Nc4 Ne5 14.Bf4 Nxc4 15.Bxc4 h6
16.f3 Nh5 17.Bd2 g5 18.Ne2 Bd7 19.Qd3 Qc8 20.b4 Bg7 21.Ra2 f5 22.bxc5 bxc5
23.Nc3 Bd4+ 24.Kh1 Nf6 25.Re1 Re7 26.Be3 Be5 27.exf5 Bxf5 28.Ne4 Nxe4 29.fxe4 Bg6
30.Bf2 a5 31.Bg3 Qe8 32.Bb5 Qf7 33.Bxe5 Rxe5 34.Rae2 Rf8 35.h3 Qe7 36.g3 Bh5
37.g4 Bg6 38.Qc2 Rf3 39.Kg2 Qf7 40.Qd2 Rf4 41.Bd3 h5 42.gxh5 Bxh5 43.Rf2 Bf3+
44.Kg3 Qh5 45.Kh2 g4 46.Bf1 Qh4 47.Rg2 Qxh3+ 48.Kg1 Rf8 49.Rh2 Qg3+ 50.Bg2 Bxg2
51.Rxg2 Qf4 52.Qe2 g3 53.Qe3 Rg5 54.Qxf4 Rxf4 55.Re3 Kf7 56.Rb2 Kf6 57.Rb5 g2
58.Re1 Rh4 59.Kf2 Rxe4 60.Rg1 Rxa4 61.Rb6 Ra2+ 62.Kf3 Rxd5 63.Rb8 Rf5+ 64.Kg3 Ke6
65.Rb6 a4  0-1

[Event "Petrovskaya Ladya IM2"]
[Site "Peterhof RUS"]
[Date "2007.08.20"]
[Round "11"]
[White "Pogromsky,M"]
[Black "Serov,M"]
[Result "1/2-1/2"]
[WhiteElo "2415"]
[BlackElo "2265"]

1.d4 Nf6 2.c4 c5 3.d5 e6 4.Nc3 exd5 5.cxd5 d6 6.Nf3 g6 7.e4 Bg7 8.Be2 Bg4
9.O-O O-O 10.Nd2 Bxe2 11.Qxe2 a6 12.a4 b6 13.Nc4 Ra7 14.h3 Re8 15.Bf4 Bf8
16.Rfe1 Rb7  1/2-1/2